<?xml version="1.0" encoding="UTF-8"?>
<marc:record xmlns:marc="http://www.loc.gov/MARC21/slim">
   <marc:leader>00000nam a2200000 a 4500</marc:leader>
   <marc:datafield ind1="1" ind2=" " tag="100">
      <marc:subfield code="a">Caboni, Cristina</marc:subfield>
      <marc:subfield code="4">aut</marc:subfield>
      <marc:subfield code="e">Verfasser/-in</marc:subfield>
   </marc:datafield>
   <marc:datafield ind1=" " ind2=" " tag="653">
      <marc:subfield code="a">Venedig</marc:subfield>
   </marc:datafield>
   <marc:datafield ind1=" " ind2=" " tag="653">
      <marc:subfield code="a">Spurensuche</marc:subfield>
   </marc:datafield>
   <marc:datafield ind1="0" ind2="0" tag="245">
      <marc:subfield code="a">Der Zauber der Lagune</marc:subfield>
   </marc:datafield>
   <marc:datafield ind1="0" ind2="0" tag="245">
      <marc:subfield code="b">Roman</marc:subfield>
   </marc:datafield>
   <marc:datafield ind1="0" ind2="0" tag="245">
      <marc:subfield code="c">Caboni, Cristina</marc:subfield>
   </marc:datafield>
   <marc:datafield ind1=" " ind2="1" tag="264">
      <marc:subfield code="a">München</marc:subfield>
      <marc:subfield code="b">Blanvalet</marc:subfield>
      <marc:subfield code="c">2024</marc:subfield>
   </marc:datafield>
   <marc:datafield ind1=" " ind2=" " tag="250">
      <marc:subfield code="a">1. Auflage</marc:subfield>
   </marc:datafield>
   <marc:datafield ind1="1" ind2=" " tag="520">
      <marc:subfield code="a">Venedig, blau glitzernde Lagunenstadt. Eine junge Frau auf der Suche nach ihrer Bestimmung. Und ein Geheimnis, das darauf wartet, ans Licht zu kommen ... &#xD;
&#xD;
 &#xD;
&#xD;
Die 23-jährige Juliet hat ein ungewöhnliches Talent: Sie kreiert die filigransten Kunstwerke aus Glas. Als sie die Zulassung zu Muranos renommierter Glasbläserschule erhält, ist ihre Freude grenzenlos. &#xD;
&#xD;
Dort angekommen, lernt sie Marcus kennen, der ihr aus der Patsche hilft, als sie vor ausgebuchten Hotels steht und alles schief zu gehen scheint. Marcus zeigt ihr die atemberaubenden Schönheiten seiner Stadt entlang der glitzernden Wasserstraßen, und die beiden empfinden immer mehr Zuneigung füreinander. Als Juliet wenig später ein rätselhaftes Symbol auf der Kette entdeckt, die sie von ihrer Kinderfrau geschenkt bekommen hat, gibt dies den Anstoß für eine Spurensuche, die alles verändert  &#xD;
 Mehr sommerliche Wohlfühlromane vor der traumhaften Kulisse Italiens von Cristina Caboni: &#xD;
Die Gartenvilla &#xD;
&#xD;
Die Glücksmalerin &#xD;
&#xD;
Die Insel der Honigtöchter</marc:subfield>
   </marc:datafield>
   <marc:datafield ind1=" " ind2=" " tag="020">
      <marc:subfield code="a">9783734113574</marc:subfield>
      <marc:subfield code="9">9783734113574</marc:subfield>
   </marc:datafield>
   <marc:datafield ind1=" " ind2=" " tag="020">
      <marc:subfield code="a">3734113571</marc:subfield>
      <marc:subfield code="9">3734113571</marc:subfield>
   </marc:datafield>
   <marc:datafield ind1=" " ind2=" " tag="041">
      <marc:subfield code="a">ger</marc:subfield>
   </marc:datafield>
   <marc:datafield ind1=" " ind2=" " tag="338">
      <marc:subfield code="a">Band</marc:subfield>
   </marc:datafield>
   <marc:datafield ind1=" " ind2=" " tag="300">
      <marc:subfield code="a">414 Seiten</marc:subfield>
   </marc:datafield>
</marc:record>
